000 00854nam a2200253Ia 4500
003 OSt
005 20220923225415.0
006 a|||||r|||| 00| 0
007 ta
008 220922b |||||||| |||| 00| 0 hin d
024 _a266,543
037 _cTextual
040 _aARTS
_cARTS
_bhin
041 _2hin
_ahin
082 _aO15:g, 152J1
100 _aमुख्तार, जुगलकिशोर, युगवीर
245 0 _aयुक्तयनुशासन
246 _aYuktayanushāsana
260 _aसहारनपुर
_b वीर - सेवा - मन्दिर
_c1951
300 _a88पृ.
_ccm.
650 _aसंस्कृत साहित्य
942 _hO15:g, 152J1
_cTEXL
_2CC
999 _c378046
_d378046